U.S. States with the Highest Fertility Rate - Statistics

General Stats
  • This quiz has been taken 485 times
  • The average score is 6 of 10
Answer Stats
Rate State % Correct
2.02 Texas
83%
2.24 Utah
75%
2.00 Kansas
66%
2.17 North Dakota
66%
1.98 Oklahoma
66%
2.26 South Dakota
65%
2.14 Nebraska
63%
2.07 Idaho
60%
2.14 Alaska
53%
1.99 Iowa
53%
No matching quizzes found
Score Distribution
Percent of People with Each Score
Percentile by Number Answered
Your Score History
You have not taken this quiz